Responses for Show #7514 - Thursday, April 20, 2017

Contestants

[<< previous game]

Joanne Huether, an I.T. manager from Farmingdale, New York

Nilanka Seneviratne, an international development nonprofit professional from Washington, D.C.

Emmett Robinson, an attorney from Greenwich, Ohio (whose 1-day cash winnings total $17,601)

[next game >>]

Jeopardy! Round responses

CORPORATE LOGOS
EUROPE
GREAT ROCK SONGS
THEY DIFFER BY A LETTER
(Alex: Two words in each correct response.)
BLACK
BOOKS OF THE BIBLE
    $200 5
Starbucks

Joanne
    $200 20
Bucharest

Nilanka
    $200 3
the jukebox

Joanne
    $200 6
a stallion and a scallion

Emmett
    $200 25
ebony

Joanne
    $200 30
(Emmett: What is Genesis?)

Exodus

EmmettNilanka
    $400 14
Columbia Broadcasting System (CBS)

Joanne
    $400 21
Budapest

Joanne
    $400 4
"American Pie"

Emmett
    $400 16
(Emmett: What are bold and bald?)

bolder and balder

EmmettNilanka
    $400 26
Black & Decker

Nilanka
    $400 10
Psalms

Nilanka
    $600 15
the New England Patriots

Nilanka
    $600 22
château

Emmett
    $600 11
Lynyrd Skynyrd

Nilanka
    $600 17
genetic and generic

Emmett
    $600 27
2001: A Space Odyssey

Joanne
    $2,200 9
Ruth

Emmett
    $800 1
MasterCard

Emmett
    $800 23
Crete

Emmett
    $800 12
"Dog Days Are Over"

Triple Stumper
    $800 18
fragrant and flagrant

Triple Stumper
    $800 28
a bacterium

Emmett
    $800 8
John

Emmett
    $1000 2
Adidas

Nilanka
    $1000 24
(Nilanka: What is the Czech Republic?)

Bohemia

EmmettNilanka
    $1000 13
"Good Riddance"

Triple Stumper
    $1000 19
chowder and clowder

Joanne
    $1000 29
the Blackhawks

Emmett
    $1000 7
the epistle of Paul to the Romans

Triple Stumper

Scores at the first commercial break (after clue 15):

Emmett Nilanka Joanne
$4,400 $2,600 $800

Scores at the end of the Jeopardy! Round:

Emmett Nilanka Joanne
$8,600 $2,800 $3,000

Double Jeopardy! Round responses

MASTERS OF DISGUISE
RECENT BOOKS
CHINESE HISTORY
PSYCHOLOGY
COMPUTERS
ON "LINE"
    $400 21
butterfly

Nilanka
    $400 1
Girl on the Train

Joanne
    $400 17
opium

Nilanka
    $400 6
Freud

Emmett
    $400 11
Star Trek

Triple Stumper
    $400 27
a timeline

Joanne
    $800 22
a swan

Joanne
    $2,000 2
Julia Child

Joanne
    $800 16
Kublai Khan

Nilanka
    $800 8
the Rorschach test

Nilanka
    $800 12
(Nilanka: What is Aliens?)

Alien

EmmettNilanka
    $800 28
alkaline

Emmett
    $1200 23
(Emmett: What are ponchos?)

ski masks

EmmettNilanka
    $1200 3
(Joanne: What is Whose Life Is It Anyway?)

Me Before You

Joanne
Triple Stumper
    $1200 15
Chiang Kai-Shek

Emmett
    $1200 9
schizophrenia

Emmett
    $1200 18
(Joanne: Ooh, no.)

Skynet

NilankaJoanne
    $1200 29
[The end-of-round signal sounds.]

a landline

Emmett
    $1600 24
(Alex: Less than a minute to go now.)

As You Like It

Joanne
    $1600 4
the Romanovs

Nilanka
    $2,500 14
the Terracotta Army

Emmett
    $1600 7
Carl Jung

Nilanka
    $1600 19
(Nilanka: What is Halt and Set Fire?)

Halt and Catch Fire

Nilanka
Triple Stumper
    $2000 25
the Civil War

Emmett
    $2000 5
(Emmett: Who is Carrell?)

B.J. Novak

Emmett
Triple Stumper
    $2000 13
Falun Gong

Emmett
    $2000 10
classical conditioning

Nilanka
    $2000 20
(Joanne: What is The Butterfly Effect?)

Mass Effect

NilankaJoanne
    $2000 26
line of sight (or sightlines)

Nilanka

Scores at the end of the Double Jeopardy! Round:

Emmett Nilanka Joanne
$17,500 $14,400 $3,800

[wagering suggestions for these scores]

Final Jeopardy! Round responses

ACTRESSES
JoanneWho is
$2,500
NilankaWho is Amy Adams
$6,799
EmmettWho S [illegible]
$11,301
Melissa McCarthy

Final scores:

Emmett Nilanka Joanne
$6,199 $7,601 $1,300
2nd place: $2,000 New champion: $7,601 3rd place: $1,000

Game dynamics:

Coryat scores:

Emmett Nilanka Joanne
$15,000 $14,400 $2,600
20 R
(including 2 DDs),
4 W
19 R,
3 W
12 R
(including 1 DD),
3 W

Combined Coryat: $32,000

[game clues] [game scores] [suggest correction]

Game tape date: Unknown
The J! Archive is created by fans, for fans. Scraping, republication, monetization, and malicious use prohibited; this site may use cookies and collect identifying information. See terms. The Jeopardy! game show and all elements thereof, including but not limited to copyright and trademark thereto, are the property of Jeopardy Productions, Inc. and are protected under law. This website is not affiliated with, sponsored by, or operated by Jeopardy Productions, Inc. Join the discussion at JBoard.tv.